00458pab a2200157 454500008004000000100001900040245008100059260000900140300001300149362001100162650002600173650002800199650002000227700001900247773003400266180718b2015 xxu||||| |||| 00| 0 eng d aGoel, Kritika  aPublic health facilities in North India: An exploratory study in four states c2015 ap.53-58. a23 May aPublic health - India aHealth services - India aHealth services aKhera, Reetika aEconomic and Political Weekly